| 000 | 00940nas a22001937a 4500 | ||
|---|---|---|---|
| 001 | K121247 | ||
| 007 | ta | ||
| 008 | 200330b2020 ||||| |||| 00| 0 eng d | ||
| 041 | _aeng | ||
| 100 | _aEarly, Catherine | ||
| 245 | _aProperty's rising star | ||
| 260 | _c2020 | ||
| 490 |
_aRICS Modus _vFebruary 2020, 18-20(3) |
||
| 520 | _aInterview with Rosanna Lawn MRICS, named Estates Gazette Rising Star and Property Week's RESI Trailblazer in 2019. She has so far been president of the university's Property Society, worked for entrepreneur John Hitchcox, co-created a network for young professionals called CREation Property Network and is now helping to take hi-tech modular houses with Project Etopia. | ||
| 650 | _aDIVERSITY | ||
| 651 | _aUnited Kingdom | ||
| 690 |
_96226 _aBusiness and management |
||
| 856 |
_uhttps://ww3.rics.org/uk/en/modus/business-and-skills/surveying-stories/propertys-rising-star.html _yAvailable free on Modus |
||
| 999 |
_c121247 _d121247 |
||